000 00880nam a22003370a 4500
001 PT31085
003 AR-LpoUNG
005 20210202002435.0
008 191001s1975||||mx |||||||||||||||||spa d
040 _aAR-LpoUNG
_bspa
_cAR-LpoUNG
_eaacr
041 _aspa
044 _amx
082 0 _a982.064 643arg
100 1 _aGonzález Janzen, Ignacio
245 1 0 _aArgentina :
_b20 años de luchas peronistas
250 _a1§ edición
260 _aMéxico, D. F. :
_bEdiciones de la Patria Grande,
_c1975.
300 _a254 p. :
_btbls.
650 4 _aANALISIS HISTORICO
650 4 _aARGENTINA
650 4 _aGUERRILLEROS
650 4 _aHISTORIA POLITICA
650 4 _aHISTORIA SOCIAL
650 4 _aIDEOLOGIAS POLITICAS
650 4 _aPOLITICA SOCIAL
650 4 _aREVOLUCION
651 4 _aArgentina
653 _aPERONISMO
905 _a31085
942 _cLIB
999 _c56250
_d56250